Logo CIB grande

VOLVAMOS AL CAMPO: LACTEOS Y DERIVADOS V. 2-4 (Registro nro. 223460)

Detalles MARC
000 -LEADER
campo de control de longitud fija 00879nam a2200241Ia 4500
005 - FECHA Y HORA DE LA ÚLTIMA TRANSACCIÓN
campo de control 20250425162144.0
008 - DATOS DE LONGITUD FIJA--INFORMACIÓN GENERAL
campo de control de longitud fija 250425s9999 xx 000 0 und d
020 ## - NÚMERO INTERNACIONAL ESTÁNDAR DEL LIBRO
Número Internacional Estándar del Libro 9589718124
041 ## - CÓDIGO DE IDIOMA
Código de lengua del texto/banda sonora o título independiente spa
082 ## - NÚMERO DE LA CLASIFICACIÓN DECIMAL DEWEY
Número de clasificación 630
010 ## - NÚMERO DE CONTROL DE LA BIBLIOTECA DEL CONGRESO
Número de control de LC 53502
100 ## - ENTRADA PRINCIPAL--NOMBRE DE PERSONA
Nombre de persona OSORIO DIAZ, DORIS LILIANA
245 #0 - MENCIÓN DEL TÍTULO
Título VOLVAMOS AL CAMPO: LACTEOS Y DERIVADOS V. 2-4
250 ## - MENCION DE EDICION
Mención de edición 1A ED.
260 ## - PUBLICACIÓN, DISTRIBUCIÓN, ETC.
Lugar de publicación, distribución, etc. Colombia
Nombre del editor, distribuidor, etc. GRUPO LATINO
Fecha de publicación, distribución, etc. 2003
260 ## - PUBLICACIÓN, DISTRIBUCIÓN, ETC.
Lugar de publicación, distribución, etc. S.L.
300 ## - DESCRIPCIÓN FÍSICA
Extensión 50
500 ## - NOTA GENERAL
Nota general EN CIBGZ-FIMCP 50407 V.2-4 PARA ING. AGROPECUARIA.- MHP.
520 ## - RESUMEN, ETC.
Sumario, etc. TRATA SOBRE LOS LÁCTEOS Y SUS DERIVADOS; LA LECHE ES UN PRODUCTO AGROINDUSTRIAL QUE ENCAJA EN LA DIVERSIFICACIÓN DEL VALOR AGREGADO, PORQUE SE PRESTA DESDE ANTES DE LA PRODUCCIÓN, PARA SER PROCESADA. EN ESTE TOMO NOS DARA A CONOCER TODOS LOS PROCESOS QUE
650 ## - PUNTO DE ACCESO ADICIONAL DE MATERIA--TÉRMINO DE MATERIA
Término de materia o nombre geográfico como elemento de entrada LECHE Y SUS DERIVADOS
650 ## - PUNTO DE ACCESO ADICIONAL DE MATERIA--TÉRMINO DE MATERIA
Término de materia o nombre geográfico como elemento de entrada PRODUCTOS LACTEOS
942 ## - ELEMENTOS DE ENTRADA SECUNDARIOS (KOHA)
Tipo de ítem Koha Libros
Existencias
Estatus retirado Estado de pérdida Estado de daño No para préstamo Biblioteca de origen Biblioteca actual Fecha de adquisición Coste, precio normal de compra Total de préstamos Código de barras Copia número
        FACULTAD DE INGENIERIA MECANICA Y CIENCIAS DE LA PRODUCCION FACULTAD DE INGENIERIA MECANICA Y CIENCIAS DE LA PRODUCCION 06/01/2005 5.00   50407 1

Copyright 2025 ESPOL. Todos los derechos reservados.